000 01491nam0a22002771 4500
001 rc\516132
005 20030616165029.6
035 _a(NLR Aleph) 005755682
090 _a4886291
_c4886291
100 _a20030616d1988 u |0rusy50 ca
101 0 _arus
102 _aRU
105 _aa |||||||||
200 1 _aОПЫТ разработки микропроцессорных распределенных систем реального времени
_e[Метод. рекомендации]
_fО-во "Знание" УССР, [РДЭНТП
_gПодгот. д. т. н. А.В. Палагиным, к. т. н. Я.Н. Николайчуком]
210 _aКиев
_cО-во "Знание" УССР
_cРДЭНТП
_d1988
215 _a19 с.
_cил.
_d20
225 1 _aОсновные направления ускорения социально-экономического развития
_iФормирование нового хозяйственного механизма и организация структуры управления народным хозяйством
225 1 _aВ помощь лектору и специалисту
320 _aБиблиогр.: с. 18-19
702 1 _aПалагин
_bА. В.
_gАлександр Васильевич
_4570
712 0 2 _a"Знание", общество УССР
_cКиев
_3RU\NLR\AUTH\889960976
801 0 _aRU
_bNLR
_gpsbo
801 1 _aRU
_bELAR
_2rusmarc
852 _aNLR
_j88-4/21041
942 _cBOOK
980 _aNB